| 000 | 00503cam a2200193ua 4500 | ||
|---|---|---|---|
| 001 | 11362 | ||
| 005 | 20260515114737.0 | ||
| 008 | 190914n ii |||gr||||Z||||||eng | ||
| 020 | _a9788175993440 | ||
| 040 | _cMAIN | ||
| 082 | _a883.01 | ||
| 100 |
_aHomer, _eAuthor. |
||
| 245 |
_aThe Iliad _cTranslated by Samuel Butler |
||
| 260 |
_aNewDelhi: _bFinger print publishing, _c2017. |
||
| 300 | _a352p. | ||
| 653 | _aClassical Greek epic poetry & fiction | ||
| 653 | _aEnglish Literature | ||
| 942 | _cBK | ||
| 999 |
_c10194 _d10194 |
||